| 000 | 00717cad a22001935a 4500 | ||
|---|---|---|---|
| 001 | L151149 | ||
| 008 | 101004e2010 xxk 000 0 eng d | ||
| 035 | _a(Sirsi) u151149 | ||
| 041 | 0 | _aeng | |
| 110 | 2 | _aEC Harris Built Asset Consultancy | |
| 245 | 0 | 0 |
_aMarket insight _bGermany, Spring 2010 _h[electronic resource] |
| 260 |
_a[S.l.] _bECHarris _c2010 |
||
| 520 | _aA quarterly publication looking at aspects of the construction market in Germany. | ||
| 590 | _aKA | ||
| 651 | 4 |
_aGermany _y1990- |
|
| 690 | _aBUILT ENVIRONMENT-CONSTRUCTION MARKET | ||
| 856 | 4 | 8 |
_uhttps://www.echarris.com/PDF/7576_Germany%20market%20insight_ENGLISH_FINAL.pdf _zView the website free of charge at www.echarris.com |
| 942 | _n0 | ||
| 999 |
_c111196 _d111196 |
||